| 000 | 00000cam 2200000zi 4500 |
| 001 | 9.919913 |
| 003 | CaOODSP |
| 005 | 20260505152046 |
| 006 | m o d f |
| 007 | cr mn||||||||| |
| 008 | 230208t20232023onc o f000 0 ||| d |
| 020 | |a9780660475004 |q(PDF) |
| 020 | |a9780660474991 |q(print) |
| 040 | |aCaOODSP|beng|erda|cCaOODSP |
| 041 | 7|aojw|2iso639-3 |
| 043 | |an-cn--- |
| 086 | 1 |aPS4-69/2023Oji-PDF |
| 086 | 1 |aPS4-69/2023Oji |
| 245 | 00|aGaa-giimaanzhidoodawindwaa - ji-wiindamaagooyin. |
| 250 | |a[Western Ojibwa edition]. |
| 264 | 1|a[Ottawa] : |bPublic Safety Canada = Sécurité publique Canada, |c[2023] |
| 264 | 4|c©2023 |
| 300 | |a1 online resource (29 pages) |
| 336 | |atext|btxt|2rdacontent |
| 337 | |acomputer|bc|2rdamedia |
| 338 | |aonline resource|bcr|2rdacarrier |
| 500 | |aIssued also in English under title: Victims of crime : staying informed; and in French under title: Les victimes d'actes criminels se tiennent au courant. |
| 520 | |a"This booklet explains who is considered a victim of crime, their rights as a victim, and the types of information they can receive; as well as, mandate and contact information for relevant federal government departments"--Provided by publisher. |
| 546 | |aText in Western Ojibwa. |
| 650 | 0|aVictims of crimes|xLegal status, laws, etc.|zCanada. |
| 650 | 0|aVictims of crimes|xCivil rights|zCanada. |
| 650 | 0|aVictims of crimes|xServices for|zCanada. |
| 710 | 1 |aCanada. |bPublic Safety Canada, |eissuing body. |
| 775 | 08|tVictims of crime : |w(CaOODSP)9.919908 |
| 792 | |tGaa-giimaanzhidoodawindwaa - ji-wiindamaagooyin.|efre|w(CaOODSP)9.919914 |
| 794 | |tGaa-giimaanzhidoodawindwaa - ji-wiindamaagooyin.|w(CaOODSP)9.962576 |
| 856 | 40|qPDF|s336 KB|uhttps://publications.gc.ca/collections/collection_2024/sp-ps/PS4-69-2023-oji.pdf |